Toutes les villes de l'UE entre 250 000 et 700 000 habitants - Statistiques

Statistiques générales
  • Ce quiz a été pris 115 fois
  • Le résultat moyen est 40 sur 95
Statistiques - réponses
Habitants Pays Villes % Correct
689 000 habitants Espagne Séville
89%
314 000 habitants France Nantes
86%
642 500 habitants Lettonie Riga
82%
258 000 habitants France Bordeaux
81%
643 500 habitants Finlande Helsinki
81%
284 000 habitants France Strasbourg
81%
483 000 habitants France Toulouse
81%
635 000 habitants Pays-Bas Rotterdam
77%
576 000 habitants Lituanie Vilnius
77%
351 000 habitants Espagne Bilbao
76%
388 000 habitants Italie Florence
76%
624 000 habitants Danemark Copenhague
75%
519 000 habitants France Lyon
73%
340 000 habitants France Nice
73%
525 000 habitants Belgique Anvers
71%
665 000 habitants Grèce Athènes
71%
264 000 habitants Italie Venise
71%
659 000 habitants Italie Palerme
70%
558 000 habitants Irlande Dublin
68%
537 000 habitants Pays-Bas La Haye
67%
575 000 habitants Espagne Malaga
67%
287 000 habitants France Montpellier
66%
394 000 habitants Italie Bologne
62%
588 000 habitants Allemagne Leipzig
62%
435 000 habitants Slovaquie Bratislava
61%
322 000 habitants Italie Bari
59%
572 000 habitants Italie Gênes
59%
332 000 habitants Grèce Thessalonique
59%
605 000 habitants Allemagne Dortmund
58%
326 000 habitants Suède Malmö
58%
251 000 habitants Portugal Porto
58%
472 000 habitants Pologne Gdansk
57%
453 000 habitants Estonie Tallinn
57%
556 000 habitants Allemagne Dresde
56%
675 000 habitants Espagne Saragosse
56%
626 000 habitants Allemagne Stuttgart
56%
571 000 habitants Allemagne Brême
54%
553 000 habitants Suède Göteborg
54%
620 000 habitants Allemagne Düsseldorf
49%
536 000 habitants Allemagne Hanovre
49%
516 000 habitants Allemagne Nuremberg
49%
288 500 habitants Slovénie Ljubljana
47%
263 000 habitants Belgique Gand
43%
454 000 habitants Espagne Murcie
42%
315 000 habitants Italie Catane
41%
586 000 habitants Allemagne Essen
41%
683 000 habitants Pologne Lodz
41%
274 000 habitants Italie Vérone
41%
320 000 habitants Allemagne Bonn
39%
354 000 habitants Pays-Bas Utrecht
39%
338 000 habitants Espagne Alicante
38%
300 000 habitants Espagne Valladolid
38%
327 000 habitants Espagne Cordoue
37%
642 000 habitants Pologne Wroclaw
35%
250 000 habitants Allemagne Aix-la-Chapelle
33%
379 000 habitants Tchéquie Brno
33%
345 000 habitants Lituanie Kaunas
33%
279 000 habitants Danemark Aarhus
30%
311 000 habitants Allemagne Mannheim
29%
552 000 habitants Pologne Poznan
29%
295 000 habitants Pologne Katowice
27%
418 000 habitants Espagne Palma de Majorque
27%
289 000 habitants Autriche Graz
25%
296 500 habitants Allemagne Augsbourg
24%
397 000 habitants Bulgarie Varna
24%
297 000 habitants Espagne Vigo
24%
382 000 habitants Espagne Las Palmas de Grande Canarie
23%
341 000 habitants Pologne Lublin
22%
501 000 habitants Allemagne Duisbourg
19%
302 000 habitants Espagne Gijon
19%
337 000 habitants Bulgarie Plovdiv
19%
329 000 habitants Roumanie Timisoara
19%
334 000 habitants Roumanie Cluj-Napoca
18%
313 000 habitants Allemagne Karlsruhe
18%
336 000 habitants Allemagne Bielefeld
15%
378 000 habitants Allemagne Bochum
15%
294 000 habitants Roumanie Constanta
15%
301 000 habitants Roumanie Iasi
15%
404 000 habitants Pologne Szczecin
15%
288 000 habitants Tchéquie Ostrava
14%
352 000 habitants Pologne Bydgoszcz
13%
259 000 habitants Pologne Gdynia
13%
261 000 habitants Allemagne Mönchengladbach
13%
308 000 habitants Allemagne Münster
13%
262 000 habitants Allemagne Gelsenkirchen
11%
350 000 habitants Allemagne Wuppertal
11%
295 500 habitants Roumanie Brasov
10%
299 000 habitants Pologne Bialystok
9%
291 500 habitants Finlande Espoo
9%
280 000 habitants Roumanie Craiova
6%
253 000 habitants Espagne Vitoria-Gasteiz
6%
281 000 habitants Allemagne Wiesbaden
6%
252 000 habitants Allemagne Brunswick
4%
266 000 habitants Espagne L'Hospitalet de Llobregat
4%
260 000 habitants Roumanie Galati
1%
Aucun quiz correspondant
Distribution des résultats
% des personnes avec chaque résultat
Percentile par nombre de réponses
Votre historique - résultats
Vous n’avez pas pris ce quiz